| 000 | 00994aam a2200385 4500 | ||
|---|---|---|---|
| 005 | 20250905150543.0 | ||
| 008 | 150512b2008 xxu||||| |||| 00| 0 spa d | ||
| 041 | _aESP | ||
| 082 | _a808.51 B833c | ||
| 100 |
_aBregantin, Daniela _913141 |
||
| 245 | _aCurso rápido para hablar en público | ||
| 260 | _aMéxico | ||
| 260 | _bDe Vecchi | ||
| 260 | _c2008 | ||
| 300 | _a237 páginas | ||
| 505 | _aContiene disco compacto N° 517 | ||
| 650 | _aHABLAR EN PÚBLICO | ||
| 650 | _aORATORIA | ||
| 650 | _aCOMUNICACIÓN ORAL | ||
| 650 | _aFEEDBACK | ||
| 650 | _aEL ORADOR | ||
| 650 | _aDISCURSO | ||
| 650 | _aLOS SONIDOS ARTICULADOS | ||
| 650 | _aRETÓRICA | ||
| 650 | _aVOZ | ||
| 650 | _aLENGUAJE CORPORAL | ||
| 650 | _aLA PRIMERA IMPRESIÓN | ||
| 650 | _aPOSTURA | ||
| 650 | _aRELACIÓN ENTRE MENTE Y CUERPO | ||
| 650 | _aCREACIÓN DEL CONTENIDO | ||
| 650 | _aATENCIÓN DEL PÚBLICO | ||
| 650 | _aLIDER MOTIVADOR | ||
| 650 | _aICE BREAKING | ||
| 942 |
_cBK _2ddc |
||
| 999 |
_c5378 _d5378 |
||